Relevant (Record no. 6915)

MARC details
000 -LEADER
fixed length control field 00442nas a22001817i 4500
001 - CONTROL NUMBER
control field 8251
003 - CONTROL NUMBER IDENTIFIER
control field OSt
005 - DATE AND TIME OF LATEST TRANSACTION
control field 20170126082408.0
007 - PHYSICAL DESCRIPTION FIXED FIELD--GENERAL INFORMATION
fixed length control field tu
008 - FIXED-LENGTH DATA ELEMENTS--GENERAL INFORMATION
fixed length control field 161220s xxu||||| |||| 00| 0 d
024 7# - OTHER STANDARD IDENTIFIER
Standard number or code 8251
Source of number or code RID
040 ## - CATALOGING SOURCE
Transcribing agency OSt
110 2# - MAIN ENTRY--CORPORATE NAME
Corporate name or jurisdiction name as entry element Oesterreichische Kontrollbank Gruppe
245 00 - TITLE STATEMENT
Title Relevant
Remainder of title Das Magazin der Oesterreichischen Kontrollbankgruppe
260 ## - PUBLICATION, DISTRIBUTION, ETC.
Place of publication, distribution, etc. Wien.
866 #0 - TEXTUAL HOLDINGS--BASIC BIBLIOGRAPHIC UNIT
-- laufender und voriger Jahrgang
910 2# - USER-OPTION DATA (OCLC)
User-option data OeKB
942 ## - ADDED ENTRY ELEMENTS (KOHA)
Koha item type Journal

No items available.

The Vienna Instiute for International Economic Studies (wiiw)